000 00442nam a2200181Ia 4500
001 14127
005 20260306164851.0
008 260306t2015||||xx |||||||||||||| ||spa||
041 _aESP
082 _a501
_bS36
100 _aSeguí Simarro, Jose María
_eAUT
245 0 _aEstrategias de divulgación científica
260 _c2015
300 _a188 páginas :
_c24 cm.
650 _aGEN
654 _aCCN
942 _cLIB
_dJUS
_fJUS
_2ddc
_n
999 _c14127
_d14127